Generovanie CI/CD pipeline Petriho sieťou

Saved in:
Bibliographic Details
Main Author: Širáň, Martin (Author)
Other Authors: Mladoniczky, Milan (Thesis advisor)
Format: Manuscript Book
Language:Slovak
Published: Bratislava : STU v Bratislave FEI, 2022
Subjects:
Online Access:https://opac.crzp.sk/?fn=detailBiblioFormChildI123EA&sid=85CE14C1EED0152B7635D99735B2&seo=CRZP-detail-kniha
Tags: Add Tag
No Tags, Be the first to tag this record!

MARC

LEADER 00000ntm a22000003a 4500
001 stuzp90007
003 SK-STU
005 20230403121937.2
007 ta
008 150427s2015----xo-----f-mn---000-0-slo-d
040 |a STU  |b slo 
041 0 |a slo 
044 |a xo 
100 1 |a Širáň, Martin  |u 035000  |4 aut  |U FEI Fakulta elektrotechniky a informatiky  |T FEI Ústav informatiky a matematiky  |X 104591  |U E050  |Y 816  |7 104591 
242 0 1 |a Generating CI/CD pipeline with Petri net  |y eng 
245 1 0 |a Generovanie CI/CD pipeline Petriho sieťou 
260 |a Bratislava :  |b STU v Bratislave FEI,  |c 2022 
300 |a 39 s. 
650 4 |a CI/CD pipeline  |2 slo 
650 4 |a Petriho sieť  |2 slo 
650 4 |a Petriflow  |2 slo 
650 4 |a CI/CD pipeline  |2 eng 
650 4 |a Petriflow  |2 eng 
650 4 |a Petri net  |2 eng 
700 1 |a Mladoniczky, Milan  |u 035000  |k Z3  |4 ths  |U FEI Fakulta elektrotechniky a informatiky  |T FEI Ústav informatiky a matematiky  |X 70127  |U E050  |Y 816  |7 70127 
856 4 |u https://opac.crzp.sk/?fn=detailBiblioFormChildI123EA&sid=85CE14C1EED0152B7635D99735B2&seo=CRZP-detail-kniha